000 00774nam a2200193 i 4500
001 20407
003 ES-MaACL
005 20250907063035.0
007 t|
008 021112s1897 sp |||| | spa d
100 1 _aAgulló y Prats, Buenaventura,
_d1846-1907
_918904
245 1 0 _aÍndice de la legislación hipotecaria de España e islas adyacentes y su reglamento... /
_cpor Buenaventura Agulló y Prats.
260 _aBarcelona :
_b[s.n.],
_c1897 (
_fImp. de Henrich y Cª)
300 _a246 p. ;
_c19 cm.
500 _aContiene: Primer apéndice, que comprende desde 1 enero 1889 hasta fin de diciembre de 1896... con un suplemento hasta junio de 1897.
650 4 _aHipotecas-
_zEspaña.
_913364
852 _aES-MaACL
_jT-1093-F-3
999 _c20407
_d20407